| 000 | 00788nam a22002057a 4500 | ||
|---|---|---|---|
| 003 | OSt | ||
| 005 | 20131008141424.0 | ||
| 008 | 130613s2000 mx ||||| |||| 00| 0 spa d | ||
| 020 | _a9686255265 | ||
| 040 | _cCDMR | ||
| 100 | 1 |
_93758 _aFerran de Pol, Lluís _d1911-1995 |
|
| 245 | 1 | 3 |
_aUn periodista catalán en el exilio _b: Ferran de Pol en El Nacional _c[Ferran de Pol] ; introducción y selección de Josep-Vicent Garcia i Raffi |
| 260 |
_aZapopan (Jalisco) _bD.R. El Colegio de Jalisco _c2000 |
||
| 300 | _a166 p. | ||
| 500 | _aA la coberta: Ajuntament d'Arenys de Mar | ||
| 500 | _aAntologia d'articles publicats a El Nacional, diari mexicà | ||
| 600 | 1 |
_93758 _aFerran de Pol, Lluís _d1911-1995 _vRecull d'escrits |
|
| 700 | 1 |
_93759 _aGarcia i Raffi, Josep-Vicent |
|
| 942 |
_2udc _cMON |
||
| 999 |
_c6453 _d6453 |
||